Vista normal Vista MARC

Entrada Personal Name

Número de registros utilizados en: 1

001 - CONTROL NUMBER

  • control field: 12782

003 - CONTROL NUMBER IDENTIFIER

  • control field: OSt

005 - DATE AND TIME OF LATEST TRANSACTION

  • control field: 20210108095328.0

008 - FIXED-LENGTH DATA ELEMENTS

  • fixed length control field: 210108|| aca||aabn | a|a d

040 ## - CATALOGING SOURCE

  • Original cataloging agency: OSt
  • Transcribing agency: OSt

100 ## - HEADING--PERSONAL NAME

  • Personal name: Sequeda Reyes, Pedro Manuel

670 ## - SOURCE DATA FOUND

  • Source citation: Work cat.: (OSt)4753: Sequeda Reyes, Pedro Manuel, autor, Finanzas corporativas y valoración de empresas al alcance de todos / , 2014